Biblioteca

La teología del estado seglar (Registro nro. 69487)

Detalles MARC
000 -LÍDER
Campo fijo de descripción fija 01272nab a2200205 i 4500
001 - NÚMERO DE CONTROL
Campo de control 768714001
003 - IDENTIFICADOR DEL NÚMERO DE CONTROL
Campo de control CO-MdFUSB
005 - FECHA Y HORA DE LA ULTIMA TRANSACCIÓN
control field 20240506113101.0
008 - ELEMENTOS DE LONGITUD FIJA -- INFORMACIÓN GENERAL
Campo fijo de descripción fija -- Información general 240502t1966 sp ||||| |||| 00| 0 spa d
040 ## - FUENTE DE CATALOGACIÓN
Idioma de catalogación spa
Agencia que realiza la transcripción CO-MdFUSB
Agencia que realiza la modificación CO-MdFUSB
041 ## - CÓDIGO DE IDIOMA
Código de idioma para texto/pista de sonido o título separado spa
100 ## - ASIENTO PRINCIPAL--NOMBRE PERSONAL
Nombre personal Davis, Christopher,
Término relacionador autor
245 #3 - TÍTULO
Título La teología del estado seglar
Mención de responsabilidad / Christopher Davis
520 ## - NOTA DE RESUMEN, ETC.
Nota de sumario, etc. La teología del Estado seglar está hasta cierto punto influenciada por principios generales abstractos. Es más que un análisis y una sistematización de conceptos abstractos, sino una reflexión teológica sobre la estructura institucional concreta de la Iglesia, estructura que, aunque sigue siendo siempre la misma en muchos aspectos, es cambiante en su condición histórica. Por lo tanto, es una suposición aparentemente errónea que proponer una definición de la presencia inmutable del Estado secular equivale a definir o especificar un papel específico para lo secular.
650 #7 - ASIENTO SECUNDARIO DE MATERIA - TERMINO TEMÁTICO
Término temático o nombre geográfico como elemento de entrada Teología pastoral
9 (RLIN) 227
653 ## - TÉRMINO DE INDIZACIÓN - NO CONTROLADO
Término no controlado Estado seglar
773 0# - ASIENTO DE ITEM FUENTE
Biblionumber 49450
Itemnumber 82571
Otro identificador del ítem R2503
Título Revista internacional de teología Concilium
Número de control del registro (CO-MdFUSB)8
Número Internacional Normalizado para Publicaciones Seriadas (ISSN) 0210-1041
Parte(s) relacionada(s) / Volumen., número. (mes año), páginas Número 13, (marzo, 1966), páginas: 464 - 466
Enumeración y primera página página: 464
942 ## - TIPO DE MATERIAL (KOHA)
Tipo de Item KOHA Artículos de Revista
945 ## - INFORMACIÓN LOCAL DEL REGISTRO
Catalogador Catherine Arias Álvarez practicante SENA

No hay ítems disponibles.

Biblioteca FUSBC | Teléfono: (57+4) 349 88 10 Ext. 141| WhatsApp (+57) 3005338115 
E-mail: biblioteca@unisbc.edu.co | Calle 76 87-14 Robledo Palenque, Medellín, Colombia

Con tecnología Koha